[Event "Wch U18"]
[Site "Vung Tau"]
[Date "2008.10.22"]
[Round "4"]
[White "Hakiki, Kaisar Jenius"]
[Black "Dissanayake, RS."]
[Result "1-0"]
[WhiteElo "2189"]
[BlackElo "2063"]
[PlyCount "45"]
[EventDate "2008.10.20"]
[EventType "swiss"]
[EventRounds "11"]
[EventCountry "VIE"]
[SourceTitle "EXT 2009"]
[Source "ChessBase"]
[SourceDate "2008.11.26"]
[SourceVersion "1"]
[SourceVersionDate "2008.11.26"]
[SourceQuality "1"]

1. e4 e5 2. Nf3 Nc6 3. Bb5 a6 4. Ba4 Nf6 5. 0-0 b5 6. Bb3 Be7 7. a4 Bb7 8. Re1 0-0 9. d3 d6 10. Nbd2 Qd7 11. Nf1 Bd8 12. c3 Ne7 13. Ng3 c6 14. Bg5 Ng6 15. d4 Qc7 16. Qd2 Be7 17. Nf5 Rad8 18. axb5 axb5 19. N3h4 c5 20. Nxe7+ Qxe7 21. Nf5 Qc7 22. Bxf6 c4 23. Qh6 1-0

[Event "Wch U18"]
[Site "Vung Tau"]
[Date "2008.10.22"]
[Round "3"]
[White "Potapov, Pavel"]
[Black "Hakiki, Kaisar Jenius"]
[Result "1-0"]
[WhiteElo "2442"]
[BlackElo "2189"]
[PlyCount "63"]
[EventDate "2008.10.20"]
[EventType "swiss"]
[EventRounds "11"]
[EventCountry "VIE"]
[SourceTitle "EXT 2009"]
[Source "ChessBase"]
[SourceDate "2008.11.26"]
[SourceVersion "1"]
[SourceVersionDate "2008.11.26"]
[SourceQuality "1"]

1. e4 c5 2. c3 d6 3. d4 Nf6 4. f3 Nc6 5. Be3 e6 6. g3 Be7 7. Bg2 Qb6 8. Qd2 d5 9. e5 Nd7 10. Ne2 a5 11. 0-0 a4 12. Na3 Na5 13. f4 g6 14. Rac1 c4 15. g4 h5 16. f5 hxg4 17. fxg6 fxg6 18. Nf4 Nf8 19. Qc2 Rg8 20. Qf2 Rg7 21. Nxd5 exd5 22. Bh6 Rh7 23. Bxf8 Bf5 24. Bxe7 Kxe7 25. Nc2 Rah8 26. Ne3 Kd8 27. Nxd5 Qb5 28. e6 Rxh2 29. e7+ Kc8 30. Rce1 Bd7 31. Qg3 Rxg2+ 32. Qxg2 1-0

[Event "Wch U18"]
[Site "Vung Tau"]
[Date "2008.10.21"]
[Round "2"]
[White "Hakiki, Kaisar Jenius"]
[Black "Rabbitte, Liam F"]
[Result "1-0"]
[WhiteElo "2189"]
[BlackElo "2012"]
[PlyCount "65"]
[EventDate "2008.10.20"]
[EventType "swiss"]
[EventRounds "11"]
[EventCountry "VIE"]
[SourceTitle "EXT 2009"]
[Source "ChessBase"]
[SourceDate "2008.11.26"]
[SourceVersion "1"]
[SourceVersionDate "2008.11.26"]
[SourceQuality "1"]

1. e4 g6 2. d4 c6 3. Nc3 d6 4. Bc4 b5 5. Bb3 Bg7 6. Nf3 Nf6 7. e5 Ng8 8. exd6 exd6 9. 0-0 Ne7 10. Bg5 f6 11. Bf4 d5 12. Re1 b4 13. Na4 0-0 14. Nc5 Nf5 15. h3 Kh8 16. Qd2 a5 17. a3 bxa3 18. Rxa3 Nd6 19. Ba2 Nb5 20. Rae3 Na6 21. c3 Nxc5 22. dxc5 g5 23. Bg3 Bf5 24. Nd4 Nxd4 25. Qxd4 Bg6 26. Bd6 f5 27. Qa4 Re8 28. Qxc6 Rxe3 29. Rxe3 f4 30. Re7 Rc8 31. Qxd5 Qf8 32. Rxg7 Qe8 33. Be5 1-0